00588nam a2200205 a 4500001001300000003000900013005001700022008004100039020001200080082001500092100001900107245007500126260003800201300000900239500003500248505002900283650002500312700002200337700002300359nice12345678IN_TiNIC20260116011800.0050524s1966 lona grp 000 0 eng  ac93.1600a275.4bALT aAlter, James P aChurch as Christian Communityb Three Studies of North Indian Churches aLondon bLutterworth Press c1966 a353p aincludes index and biblioraphy2 aIll, Bibliography, Index aChurch-History India1 aHerbert Jai Singh1 aVictor E W Hayward